Demand System Specification and Estimation

Gespeichert in:
Bibliographische Detailangaben
1. Verfasser: Pollak, Robert A.
Weitere Verfasser: Wales, Terence J.
Format: Buch
Sprache:Englisch
Veröffentlicht: Oxford Oxford University Press 1995
Ausgabe:1. ed.
Schlagworte:
Tags: Tag hinzufügen
Keine Tags, Fügen Sie das erste Tag hinzu!

MARC

LEADER 00000nam a2200000 4500
001 c013530
005 20221205132840.0
020 |a 0-19-510121-9 
041 0 |a eng 
044 |a US 
245 1 0 |a Demand System Specification and Estimation  |c Robert A. Pollak, Terence J. Wales 
250 |a 1. ed. 
264 1 |a Oxford  |b Oxford University Press  |c 1995 
300 |a 217 s. 
610 2 0 |a funkcie dopytové 
610 2 0 |a funkcie dopytové ekonometrické 
610 2 0 |a teória ekonomická matematická 
610 2 0 |a modely ekonomicko-matematické 
610 2 0 |a modely matematické 
610 2 0 |a správanie spotrebiteľa 
100 1 |a Pollak, Robert A. 
700 1 |a Wales, Terence J.